000 00225nam a2200109Ia 4500
100 _aARTHUR LIPPER
942 _cBK
245 _aGUIDE TO INVESTING IN PRIVATE COMPANIES.
260 _b#N/A
546 _aENGLISH
999 _c24308
_d24308